| 000 | 01617naa a2200241 i 4500 | ||
|---|---|---|---|
| 001 | 1416 | ||
| 003 | KOSZ 005 | ||
| 005 | 20180228094642.0 | ||
| 008 | 150615s2002 pl n f |100 0eng | ||
| 040 |
_cBPK _dKOSZ 005/EG |
||
| 041 | _aeng | ||
| 044 | _aPOL | ||
| 100 | 1 |
_aTARNOWSKI, Wojciech. _d1996 - . _bPolitechnika Koszalińska - Wydział Mechaniczny, _cKatedra Systemów Sterowania |
|
| 245 | 1 | 0 |
_aPoly-optimisation as a paradigm of an inverse problem or towards the general structure of engineering tasks / _cWojciech Tarnowski. |
| 246 | 3 | 1 | _a Polioptymalizacja jako paradygmat zadania odwrotnego czyli o ogólnej strukturze zadań inżynierskich |
| 500 | _aDane z autopsji. | ||
| 520 | _aDla danego modelu matematycznego mamy zadanie odwrotne, gdy znane jest rozwiązanie a szukane argumenty. Pokazano przykłady oraz wymieniono typowe przypadki gdy zadanie jest formułowane jako problem odwrotny. Wymieniono standardowe metody rozwiązywania zadań odwrotnych. Podkreślono szczególną rolę polioptymalizacji. Na bazie uogólnionej struktury procesu projektowania wykazano, że zadanie projektowe jest problemem odwrotnym. | ||
| 650 | 0 | _aModele matematyczne. | |
| 655 | 0 | _aMateriały konferencyjne. | |
| 773 | 0 |
_iW : _tPolioptymalizacja i komputerowe wspomaganie projektowania : Mielno 2002 / [red. nauk.] Wojciech Tarnowski, Tomasz Kiczkowiak. - _dWarszawa : Wydaw. Naukowo-Techniczne, 2002. - _gs. 251-260 |
|
| 711 | 2 | 2 |
_aOgólnopolska Konferencja Polioptymalizacja i Komputerowe Wspomaganie Projektowania _n(20 ; _d2002 ; _cKoszalin / Mielno, Polska). _pMielno 2002 |
| 942 |
_cROZ _2UKD |
||
| 999 |
_c1416 _d1416 |
||